| 000 | 00558nam a22001577a 4500 | ||
|---|---|---|---|
| 003 | NUST | ||
| 038 | _aNusrat Nadeem | ||
| 082 | _a200 | ||
| 100 |
_aGilani, Syed Hamza _9134428 |
||
| 245 |
_aA Computer Aided Diagnosis System based on Deep Learning for Cervical Cancer Classification From Colonoscopy images/ _cSyed Hamza Gilani, |
||
| 264 |
_aIslamabad: _bSEECS NUST, _c2026. |
||
| 650 |
_aMS- Computer Science _926780 |
||
| 700 |
_aSupervisor: Dr. Sara Baber _9129046 |
||
| 856 | _u http://10.250.8.41:8080/xmlui/handle/123456789/57678 | ||
| 942 |
_2ddc _cSC |
||
| 999 |
_c617427 _d617427 |
||